Textiles from Mexico (Record no. 11081)

MARC details
000 -CABECERA
campo de control de longitud fija 01066nam a22003017a 4500
001 - NÚMERO DE CONTROL
campo de control BRCA_9369
003 - IDENTIFICADOR DEL NÚMERO DE CONTROL
campo de control FranzMayer
005 - FECHA Y HORA DE LA ÚLTIMA TRANSACCIÓN
campo de control 20231011105701.0
008 - DATOS DE LONGITUD FIJA--INFORMACIÓN GENERAL
campo de control de longitud fija 231011b |||||||| |||| 00| 0 eng d
020 ## - NÚMERO INTERNACIONAL ESTÁNDAR DEL LIBRO
Número Internacional Estándar del Libro 0714125628
040 ## - FUENTE DE LA CATALOGACIÓN
Centro catalogador/agencia de origen MFM
Lengua de catalogación ESPAÑOL
Centro/agencia transcriptor MFM
050 0# - SIGNATURA TOPOGRÁFICA DE LA BIBLIOTECA DEL CONGRESO
Número de clasificación NK8814.A1
Número de documento/Ítem .S29 2002
100 1# - ENTRADA PRINCIPAL--NOMBRE DE PERSONA
Código de función/relación Autor
Nombre de persona Sayer, Chloë
9 (RLIN) 30002
240 ## - TÍTULO UNIFORME
Título uniforme Textiles from Mexico
Lenguaje de la obra Inglés
245 0# - MENCIÓN DE TÍTULO
Título Textiles from Mexico
260 ## - PUBLICACIÓN, DISTRIBUCIÓN, ETC.
Lugar de publicación, distribución, etc. Hong Kong
Nombre del editor, distribuidor, etc. The British Museum
Fecha de publicación, distribución, etc. 2002
300 ## - DESCRIPCIÓN FÍSICA
Extensión 87 p
Otras características físicas Ilustraciones a color
Dimensiones 23 cm
500 ## - NOTA GENERAL
Nota general Incluye dedicatoria a Héctor
505 ## - NOTA DE CONTENIDO CON FORMATO
Nota de contenido con formato Texto en inglésIncluye índice temáticoIncluye glosarioIncluye bibliografíaDirigido a: artistas, artesanos y personas con interés en el arte mexicano
650 1# - PUNTO DE ACCESO ADICIONAL DE MATERIA--TÉRMINO DE MATERIA
Fuente del encabezamiento o término Telas
Término de materia o nombre geográfico como elemento de entrada Mexico
9 (RLIN) 30003
651 1# - PUNTO DE ACCESO ADICIONAL DE MATERIA--NOMBRE GEOGRÁFICO
Fuente del encabezamiento o término Bordado
Nombre geográfico México
9 (RLIN) 30004
700 1# - PUNTO DE ACCESO ADICIONAL--NOMBRE DE PERSONA
Código de función/relación Foto
Nombre de persona Rowe, Mike
9 (RLIN) 30005
700 1# - PUNTO DE ACCESO ADICIONAL--NOMBRE DE PERSONA
Código de función/relación Ed.
Nombre de persona Dick, Suzannah
9 (RLIN) 30006
700 1# - PUNTO DE ACCESO ADICIONAL--NOMBRE DE PERSONA
Código de función/relación Diseño.
Nombre de persona Welti, Paul
9 (RLIN) 30007
700 1# - PUNTO DE ACCESO ADICIONAL--NOMBRE DE PERSONA
Código de función/relación Edit.
Nombre de persona Brooke Johnson, Caroline
9 (RLIN) 30008
700 1# - PUNTO DE ACCESO ADICIONAL--NOMBRE DE PERSONA
Código de función/relación Cart.
Nombre de persona Pearson, Olive
9 (RLIN) 30009
942 ## - ELEMENTOS DE PUNTO DE ACCESO ADICIONAL (KOHA)
Fuente del sistema de clasificación o colocación Library of Congress Classification
Tipo de ítem Koha Libros
Holdings
Estado de retiro Estado de pérdida Fuente del sistema de clasificación o colocación Estado dañado No para préstamo Código de colección Localización permanente Ubicación/localización actual Fecha de adquisición Total de préstamos Signatura topográfica completa Código de barras Fecha visto por última vez Precio válido a partir de Tipo de ítem Koha
El ejemplar forma parte de la colección y puede ser consultado según las políticas vigentes.   Library of Congress Classification     Fondo Contemporáneo Biblioteca del Museo Franz Mayer (Rogerio Casas-Alatriste) Biblioteca del Museo Franz Mayer (Rogerio Casas-Alatriste) 11/10/2023   NK8814.A1 .S29 2002 CONT10237 11/10/2023 11/10/2023 Libros